Multiple Choice City Quiz – Buenos Aires - Statistics

General Stats
  • This quiz has been taken 12,297 times
  • The average score is 7 of 10
Answer Stats
Question Answer % Correct
What does Buenos Aires mean? Good winds
97%
What pope was born in Buenos Aires? Francis
90%
What national capital is located just 200 km away from Buenos Aires? Montevideo
85%
What musical takes place in Buenos Aires? Evita
78%
On what body of water is Buenos Aires located? Río de la Plata
78%
Which of these dances originated in the Buenos Aires area? Tango
75%
Which of these is a nickname of Buenos Aires? The Paris of South America
63%
In what region of South America is Buenos Aires located? The Pampas
60%
Known as the widest avenue in the world, what major thoroughfare runs through the city? Avenida 9 de Julio
36%
What does Buenos Aires supposedly have more of per capita than any major city in the world? Book stores
36%
No matching quizzes found
Score Distribution
Percent of People with Each Score
Percentile by Number Answered
Your Score History
You have not taken this quiz